Znižovanie nezamestnanosti za pomoci vzdelávacích kurzov bakalárska práca

Saved in:
Bibliographic Details
Main Author: Volčková, Naďa
Corporate Author: Podnikovohospodárska fakulta EU so sídlom v Košiciach. Katedra ekonómie
Other Authors: Tobák, Juraj, 1986-
Format: Book
Language:Slovak
Published: Košice 2014
Tags: Add Tag
No Tags, Be the first to tag this record!

MARC

LEADER 00000nbm a2200000 4500
001 0189178
005 20240827093440.7
041 0 |a slo 
044 |a SK 
245 1 0 |a Znižovanie nezamestnanosti za pomoci vzdelávacích kurzov  |b bakalárska práca  |c Naďa Volčková ; školiteľ: Juraj Tobák 
264 1 |a Košice  |c 2014 
300 |a 57 s. 
100 1 |a Volčková, Naďa 
700 1 |a Tobák, Juraj, 1986- 
710 2 |a Podnikovohospodárska fakulta EU so sídlom v Košiciach. Katedra ekonómie